| 000 | 01242nam a2200373Ia 4500 | ||
|---|---|---|---|
| 003 | GCL | ||
| 008 | 140319s9999 xx 000 0 ara d | ||
| 020 | _a6361601977 | ||
| 040 |
_aGCL / _cGCL |
||
| 082 | 0 | 4 |
_aق _b301.36 _bن ا |
| 100 | 1 | _aناديه بدوى | |
| 245 | 1 | 0 |
_aاسرار الحياة فى جبال البحر الاحمر:دراسة انثربولوجية فى الصحراء الشرقية / _cناديه بدوى |
| 700 | 1 | _aاحمد ابوزيد | |
| 260 |
_aالقاهرة : _bالهيئة المصرية العامة للكتاب ، _c1994 |
||
| 300 |
_a142 ص ؛ _c24 سم |
||
| 490 | _a | ||
| 650 | 0 | 4 | _aمصر |
| 650 | 0 | 4 | _aالعادات والتقاليد |
| 650 | 0 | 4 | _aالتصوف |
| 650 | 0 | 4 | _aالحضارة |
| 650 | 0 | 4 | _aالثقافة |
| 650 | 0 | 4 | _aالبدو |
| 650 | 0 | 4 | _aالانثربولوجيا |
| 650 | 0 | 4 | _aالجغرافيا البشرية |
| 650 | 0 | 4 | _aالبحر الاحمر |
| 650 | 0 | 4 | _aالفنون |
| 650 | 0 | 4 | _aالقبائل |
| 650 | 0 | 4 | _aالانثربولوجيا التطبيقية |
| 650 | 0 | 4 | _aالبناء الاجتماعى |
| 650 | 0 | 4 | _aالمجتمعات البدائية |
| 650 | 0 | 4 | _aالموالد |
| 650 | 0 | 4 | _aالصحارى |
| 942 |
_2ddc _cBK |
||
| 999 |
_c58768 _d58768 |
||